[Event "XI MFSz PERLA BALTYKU"]
[Site "Lazy"]
[Date "2015.07.07"]
[Round "9.14"]
[White "Mielczarski, Miroslaw"]
[Black "Nowak, Lukasz"]
[Result "1/2-1/2"]
[WhiteElo "2191"]
[BlackElo "2116"]
[PlyCount "77"]
[EventDate "2015.??.??"]

1. Nf3 Nf6 2. b3 g6 3. Bb2 Bg7 4. e3 d5 5. Be2 O-O 6. O-O c5 7. d4 Nbd7 8. c4
cxd4 9. Nxd4 Nc5 10. Nd2 b6 11. b4 Ne6 12. N2b3 Nxd4 13. Nxd4 Bb7 14. Qb3 Rc8
15. c5 Ne4 16. Rfc1 e5 17. c6 exd4 18. cxb7 Rb8 19. exd4 Rxb7 20. Rc2 Rc7 21.
Rxc7 Qxc7 22. Rc1 Qf4 23. Qe3 Qxe3 24. fxe3 Bh6 25. Rc7 Bxe3+ 26. Kf1 Bf4 27.
Rxa7 Bxh2 28. Bb5 Rc8 29. Bd3 Bg3 30. a4 Re8 31. Bc1 Nc5 32. Be2 Nb3 33. Bg5
Nxd4 34. Re7 Rc8 35. Ba6 Rc2 36. Bh6 f6 37. Rg7+ Kh8 38. Re7 Kg8 39. Rg7+
1/2-1/2

[Event "XI MFSz PERLA BALTYKU"]
[Site "Lazy"]
[Date "2015.07.07"]
[Round "9.16"]
[White "Miturova, Magdalena"]
[Black "Szustakowski, Antoni"]
[Result "0-1"]
[WhiteElo "2149"]
[BlackElo "1983"]
[PlyCount "64"]
[EventDate "2015.??.??"]

1. e4 e6 2. d4 d5 3. Nc3 Bb4 4. e5 c5 5. a3 Bxc3+ 6. bxc3 Ne7 7. Nf3 b6 8. Bb5+
Bd7 9. Be2 Nbc6 10. Be3 c4 11. h4 Qc7 12. h5 h6 13. Qd2 O-O-O 14. Bf4 Rdg8 15.
g4 Qd8 16. Nh4 Qf8 17. Qe3 f6 18. Nf3 fxe5 19. Nxe5 Nxe5 20. Qxe5 Kd8 21. Rh3
Nc6 22. Qc7+ Ke8 23. Bd6 Qf6 24. O-O-O Qd8 25. Qxd8+ Kxd8 26. Rg1 Be8 27. g5
hxg5 28. Rxg5 Kd7 29. Bf4 g6 30. h6 Rf8 31. Rh4 Ne7 32. Rh1 Rxf4 0-1

[Event "XI MFSz PERLA BALTYKU"]
[Site "Lazy"]
[Date "2015.07.07"]
[Round "9.17"]
[White "Karpus, Michal"]
[Black "Kicinski, Jacek"]
[Result "1-0"]
[WhiteElo "2114"]
[BlackElo "2006"]
[PlyCount "51"]
[EventDate "2015.??.??"]

1. e4 c6 2. d4 d5 3. Nc3 dxe4 4. Nxe4 Nd7 5. Bc4 Ngf6 6. Ng5 e6 7. Qe2 Nb6 8.
Bb3 Bd6 9. Be3 Nbd5 10. c3 Nxe3 11. fxe3 e5 12. N1f3 Qe7 13. dxe5 Bxe5 14.
O-O-O h6 15. Nxe5 Qxe5 16. Nf3 Qa5 17. Bc4 O-O 18. e4 Re8 19. e5 Bg4 20. Kb1
Nd7 21. Qf2 Qc5 22. Bxf7+ Kxf7 23. Rxd7+ Bxd7 24. Qxc5 Be6 25. Nd4 Bd5 26. Re1
1-0

[Event "XI MFSz PERLA BALTYKU"]
[Site "Lazy"]
[Date "2015.07.07"]
[Round "9.18"]
[White "Mazalon, Mariusz"]
[Black "Smieszek, Wojciech"]
[Result "0-1"]
[WhiteElo "2058"]
[BlackElo "2035"]
[PlyCount "58"]
[EventDate "2015.??.??"]

1. d4 Nf6 2. Nf3 c5 3. g3 cxd4 4. Nxd4 e5 5. Nb3 d5 6. Bg2 Be7 7. O-O O-O 8.
Bg5 Be6 9. Nc3 e4 10. f3 exf3 11. Bxf3 Nc6 12. Bxf6 Bxf6 13. Nxd5 Bxd5 14. Bxd5
Bxb2 15. Rb1 Bd4+ 16. Nxd4 Qxd5 17. Nf5 Qc5+ 18. Kh1 Rad8 19. Qc1 Ne7 20. e4
Nxf5 21. Rxf5 Qc4 22. Qf4 Qxc2 23. Rf1 Qxa2 24. Rg5 Qe6 25. e5 Rd5 26. h4 Rfd8
27. Rf5 Rd2 28. Rf2 Rxf2 29. Qxf2 g6 0-1

[Event "XI MFSz PERLA BALTYKU"]
[Site "Lazy"]
[Date "2015.07.07"]
[Round "9.19"]
[White "Filewicz, Przemyslaw"]
[Black "Krainski, Aleksander"]
[Result "1/2-1/2"]
[WhiteElo "2052"]
[BlackElo "2165"]
[PlyCount "75"]
[EventDate "2015.??.??"]

1. d4 d5 2. c4 c6 3. Nc3 Nf6 4. Nf3 e6 5. Bg5 Nbd7 6. e3 h6 7. Bh4 Be7 8. Qc2
O-O 9. cxd5 exd5 10. Bd3 Re8 11. O-O Nf8 12. Bxf6 Bxf6 13. h3 Be6 14. Na4 Qd6
15. b4 Re7 16. Qc5 Qd8 17. Rab1 Rc7 18. Rfc1 Rcc8 19. Qc2 Nd7 20. Nc5 Nxc5 21.
bxc5 b5 22. a4 a6 23. Qc3 Qd7 24. Ne5 Bxe5 25. dxe5 Bf5 26. f4 Rf8 27. Bxf5
Qxf5 28. axb5 axb5 29. Ra1 Rfb8 30. Rxa8 Rxa8 31. Ra1 Qc8 32. Rxa8 Qxa8 33. f5
Qa2 34. Kh2 Qc4 35. Qa5 Qxc5 36. Qa8+ Kh7 37. Qe8 Qxe3 38. e6 1/2-1/2

[Event "XI MFSz PERLA BALTYKU"]
[Site "Lazy"]
[Date "2015.07.07"]
[Round "9.20"]
[White "Januszkiewicz, Wojciech"]
[Black "Kaczmarska, Joanna"]
[Result "1-0"]
[WhiteElo "2025"]
[BlackElo "1876"]
[PlyCount "95"]
[EventDate "2015.??.??"]

1. e4 e5 2. Nf3 Nc6 3. Bb5 Nd4 4. Nxd4 exd4 5. O-O Bc5 6. d3 Ne7 7. c3 c6 8.
Ba4 d5 9. Nd2 Bb6 10. c4 O-O 11. b4 f5 12. exd5 cxd5 13. c5 Bc7 14. f4 g5 15.
Nf3 gxf4 16. Bb2 b6 17. Bxd4 Ng6 18. Re1 Rb8 19. Bb3 a5 20. bxa5 bxc5 21. Bxc5
Bxa5 22. Bxf8 Bxe1 23. Bc5 Bc3 24. Rc1 Bf6 25. Nd4 Ne5 26. Nf3 Ng4 27. Qd2 Ba6
28. Qxf4 Bxd3 29. h3 h5 30. hxg4 hxg4 31. Bxd5+ Kg7 32. Be3 Qxd5 33. Qxb8 gxf3
34. Qg3+ Kf7 35. Rc7+ Ke8 36. Rc8+ Ke7 37. Bc5+ Qxc5+ 38. Rxc5 Bd4+ 39. Kh2
fxg2 40. Kxg2 Be4+ 41. Kh3 Bxc5 42. Qe5+ Kd7 43. Qxc5 Bc6 44. a4 f4 45. Qb6 f3
46. Kg3 Bd5 47. a5 Bc6 48. Qb8 1-0

[Event "XI MFSz PERLA BALTYKU"]
[Site "Lazy"]
[Date "2015.07.07"]
[Round "9.21"]
[White "Kokoszczynski, Jan"]
[Black "Sliwicka, Alicja"]
[Result "1/2-1/2"]
[WhiteElo "1988"]
[BlackElo "2015"]
[PlyCount "61"]
[EventDate "2015.??.??"]

1. e4 c5 2. Nf3 e6 3. d4 cxd4 4. Nxd4 a6 5. c4 Nf6 6. Nc3 Bb4 7. Qd3 Nc6 8.
Nxc6 dxc6 9. e5 Qxd3 10. Bxd3 Nd7 11. f4 b5 12. Bd2 Nc5 13. Be2 Bb7 14. O-O-O
O-O-O 15. Be3 Nd7 16. Ne4 f6 17. c5 Rhf8 18. a3 Ba5 19. Nd6+ Kb8 20. f5 Nxe5
21. fxe6 Ng6 22. Bh5 Ne7 23. Bf4 Bc7 24. Bg3 Bc8 25. Rhe1 g6 26. Bf3 h6 27. h4
a5 28. Nxc8 Rxc8 29. Bd6 Rfe8 30. Kc2 Kb7 31. b3 1/2-1/2

[Event "XI MFSz PERLA BALTYKU"]
[Site "Lazy"]
[Date "2015.07.07"]
[Round "9.22"]
[White "Antolak, Julia"]
[Black "Przerwa, Waldemar"]
[Result "1/2-1/2"]
[WhiteElo "1987"]
[BlackElo "1763"]
[PlyCount "78"]
[EventDate "2015.??.??"]

1. e4 c6 2. Nc3 d5 3. Nf3 g6 4. d4 Bg7 5. Be3 Nf6 6. e5 Ne4 7. Bd3 Nxc3 8. bxc3
Bg4 9. h3 Bxf3 10. Qxf3 e6 11. O-O O-O 12. Qg3 Nd7 13. Bg5 f6 14. exf6 Bxf6 15.
Bxf6 Rxf6 16. Rfe1 c5 17. Qd6 c4 18. Be2 Nf8 19. Qg3 Qb8 20. Qe3 Qd6 21. Bg4
Kg7 22. h4 h5 23. Bh3 Re8 24. Qe5 Qxe5 25. Rxe5 Rf7 26. Rae1 Rfe7 27. f3 Kf7
28. g4 Nd7 29. Rg5 hxg4 30. fxg4 Nf6 31. Rf1 Rh8 32. h5 gxh5 33. gxh5 Rh6 34.
Re5 Re8 35. Kg2 Rg8+ 36. Kh2 Re8 37. Rg5 Reh8 38. Kg2 Rxh5 39. Rg3 R8h6 1/2-1/2

[Event "XI MFSz PERLA BALTYKU"]
[Site "Lazy"]
[Date "2015.07.07"]
[Round "9.23"]
[White "Laszczak, Przemyslaw"]
[Black "Wacior, Maciej"]
[Result "1-0"]
[WhiteElo "1821"]
[BlackElo "1921"]
[PlyCount "91"]
[EventDate "2015.??.??"]

1. d4 d5 2. c4 c6 3. Nc3 Nf6 4. Nf3 e6 5. e3 Be7 6. Qc2 Nbd7 7. b3 a6 8. a4 O-O
9. Be2 Re8 10. O-O Bd6 11. Bb2 e5 12. cxd5 cxd5 13. dxe5 Nxe5 14. Rfd1 Qc7 15.
Rac1 Nxf3+ 16. Bxf3 Bxh2+ 17. Kf1 Be5 18. Nxd5 Qxc2 19. Rxc2 Bxb2 20. Nc7 Be5
21. Nxe8 Nxe8 22. Rd8 Kf8 23. Rcxc8 Rxc8 24. Rxc8 Ke7 25. Bxb7 a5 26. Rc5 Bc7
27. Ke2 Kd6 28. Rc3 Nf6 29. Kd3 h5 30. Kc4 h4 31. f4 Nh5 32. Kb5 f6 33. Rxc7
Kxc7 34. Bf3 Ng3 35. Kxa5 Nf1 36. Kb5 Nxe3 37. a5 Nf5 38. Kc5 Ne7 39. b4 g5 40.
fxg5 fxg5 41. b5 Kb8 42. b6 Nc8 43. a6 Na7 44. bxa7+ Kxa7 45. Kb5 h3 46. gxh3
1-0

[Event "XI MFSz PERLA BALTYKU"]
[Site "Lazy"]
[Date "2015.07.07"]
[Round "9.24"]
[White "Szewczak, Andrzej"]
[Black "Sciborowski, Miroslaw"]
[Result "1-0"]
[WhiteElo "1887"]
[BlackElo "2029"]
[PlyCount "79"]
[EventDate "2015.??.??"]

1. e4 d5 2. exd5 Qxd5 3. Nc3 Qa5 4. d4 Nf6 5. Bd2 Qb6 6. Nf3 Bg4 7. h3 Bxf3 8.
Qxf3 c6 9. Qd3 e6 10. O-O-O a5 11. Be3 Qc7 12. f4 Bd6 13. f5 exf5 14. Qxf5 O-O
15. Bd3 Nbd7 16. Rhf1 a4 17. d5 Ra5 18. Qf3 Ne5 19. Qf5 a3 20. b3 cxd5 21. Nb5
Nxd3+ 22. Qxd3 Qd7 23. Nxd6 Qxd6 24. Bd4 Ne4 25. Rf5 Qg6 26. g4 Nd6 27. Bc3 Rb5
28. Rxd5 Rxd5 29. Qxd5 Ne4 30. Bb4 Qf6 31. Qd4 Qg5+ 32. Kb1 Re8 33. Bxa3 h6 34.
Bb2 Nf6 35. Qb6 Re6 36. Qxb7 Qe3 37. a4 Qxh3 38. g5 Ne4 39. Rd8+ Kh7 40. Qxf7
1-0